[Event "BLR-ch U18"]
[Site "Minsk"]
[Date "2021.02.07"]
[Round "4"]
[White "Melnikau, Aliaksei"]
[Black "Papunidi, Matvey"]
[Result "0-1"]
[WhiteElo "1555"]
[BlackElo "2135"]
[PlyCount "82"]
[EventDate "2021.02.04"]
[EventType "swiss"]
[EventRounds "9"]
[EventCountry "BLR"]
[SourceTitle "EXT 2022"]
[Source "ChessBase"]
[SourceDate "2021.10.06"]
[SourceVersion "1"]
[SourceVersionDate "2021.10.06"]
[SourceQuality "1"]

1. d4 d5 2. c4 c6 3. Nc3 dxc4 4. a4 e5 5. Nf3 exd4 6. Qxd4 Qxd4 7. Nxd4 Bc5 8. Nc2 Na6 9. e4 Be6 10. Be2 Nb4 11. Nxb4 Bxb4 12. a5 Nf6 13. f3 0-0 14. Be3 Nd7 15. Kf2 b5 16. Rhd1 Rfd8 17. g4 Bc5 18. f4 f6 19. Na2 g5 20. f5 Bf7 21. Bd4 Bxd4+ 22. Rxd4 Nc5 23. Rxd8+ Rxd8 24. Nb4 Nxe4+ 25. Ke3 Re8 26. Bf3 Nc5+ 27. Kf2 Nd3+ 28. Nxd3 cxd3 29. Rc1 Bd5 30. Bxd5+ cxd5 31. Rd1 Re2+ 32. Kf3 Rxh2 33. b4 Rh3+ 34. Kg2 Re3 35. Kf2 d4 36. Rc1 Kf7 37. Rc7+ Re7 38. Rc1 Re2+ 39. Kf3 d2 40. Rd1 d3 41. a6 Ke7 0-1

[Event "BLR-ch U20"]
[Site "Minsk"]
[Date "2020.03.13"]
[Round "3"]
[White "Papunidi, Matvey"]
[Black "Siniauski, Artsiom"]
[Result "1/2-1/2"]
[WhiteElo "2113"]
[BlackElo "2314"]
[PlyCount "93"]
[EventDate "2020.03.11"]
[EventType "tourn"]
[EventRounds "9"]
[EventCountry "BLR"]
[EventCategory "2"]
[SourceTitle "CBM 195 Extra"]
[Source "ChessBase"]
[SourceDate "2020.05.31"]
[SourceVersion "1"]
[SourceVersionDate "2020.05.31"]
[SourceQuality "1"]

1. b3 Nf6 2. Bb2 e6 3. e3 b6 4. Nf3 Bb7 5. Be2 g6 6. 0-0 Bg7 7. c4 0-0 8. Nc3 d6 9. d4 Nbd7 10. Qc2 Qe7 11. Rfd1 e5 12. dxe5 dxe5 13. Nd5 Bxd5 14. cxd5 e4 15. Nd4 Nxd5 16. Nc6 Qe6 17. Bc4 Qxc6 18. Bxg7 Kxg7 19. Qxe4 N7f6 20. Bxd5 Qc3 21. Qd4 Qxd4 22. Rxd4 Nxd5 23. Rxd5 Rfd8 24. Rad1 Rxd5 25. Rxd5 Kf6 26. Kf1 Ke6 27. Rd2 b5 28. Ke2 a5 29. e4 a4 30. b4 a3 31. Rd3 Ra4 32. Rb3 Kd6 33. Kd3 c5 34. bxc5+ Kxc5 35. Rc3+ Kb6 36. f3 Rb4 37. Rxa3 Rb2 38. g3 Rxh2 39. Ke3 h5 40. Ra8 Rg2 41. Kf4 f6 42. Rf8 g5+ 43. Ke3 Rxg3 44. Rxf6+ Kc5 45. Rf5+ Kc4 46. Kf2 h4 47. e5 1/2-1/2

[Event "Lvov Tradition IM 11"]
[Site "Lvov"]
[Date "2019.11.21"]
[Round "2"]
[White "Papunidi, Matvey"]
[Black "Shpanko, Nadiia"]
[Result "1/2-1/2"]
[WhiteElo "2052"]
[BlackElo "2207"]
[PlyCount "70"]
[EventDate "2019.11.20"]
[EventType "tourn"]
[EventRounds "9"]
[EventCountry "UKR"]
[EventCategory "1"]
[SourceTitle "CBM 193 Extra"]
[Source "ChessBase"]
[SourceDate "2020.01.31"]
[SourceVersion "1"]
[SourceVersionDate "2020.01.31"]
[SourceQuality "1"]

1. e4 c5 2. Nf3 Nf6 3. e5 Nd5 4. d4 cxd4 5. Qxd4 e6 6. Bd3 Nc6 7. Qg4 Qc7 8. Qe4 Ncb4 9. 0-0 Nxd3 10. cxd3 d6 11. d4 Bd7 12. Bd2 Bc6 13. Qe2 Qb6 14. Na3 dxe5 15. Nc4 Qa6 16. Nfxe5 Bb5 17. Rfc1 Be7 18. Qg4 0-0 19. Bh6 Bf6 20. a4 Bxc4 21. Rxc4 Rfd8 22. Rac1 Qb6 23. h4 Qxb2 24. h5 Bxe5 25. dxe5 Qxe5 26. Re4 f5 27. Qg5 Qb2 28. Rxe6 Kh8 29. Qd2 Qxd2 30. Bxd2 h6 31. Re5 Nf6 32. Be3 Nxh5 33. Rxf5 Nf6 34. Bxh6 Rd4 35. Bg5 Rf8 1/2-1/2

[Event "Hasselbacken op"]
[Site "Stockholm"]
[Date "2019.11.03"]
[Round "7"]
[White "Papunidi, Matvey"]
[Black "Henriksson, Johan"]
[Result "1-0"]
[WhiteElo "2052"]
[BlackElo "2265"]
[PlyCount "117"]
[EventDate "2019.11.01"]
[EventType "swiss"]
[EventRounds "8"]
[EventCountry "SWE"]
[SourceTitle "CBM 192 Extra"]
[Source "Chessbase"]
[SourceDate "2019.11.06"]
[SourceVersion "1"]
[SourceVersionDate "2019.11.06"]
[SourceQuality "1"]

1. e4 c6 2. d4 d5 3. exd5 cxd5 4. Bd3 Nc6 5. c3 Nf6 6. Bf4 g6 7. Nf3 Bg7 8. 0-0 0-0 9. Nbd2 Bf5 10. Bxf5 gxf5 11. Ne1 e6 12. Nd3 Ne4 13. Re1 Ne7 14. Re3 Ng6 15. Rh3 Nxf4 16. Nxf4 Qg5 17. Nxe4 Qxf4 18. Qh5 h6 19. Rh4 Qc7 20. Nc5 Qe7 21. f4 Kh7 22. Re1 b6 23. Nd3 Rh8 24. Re3 Kg8 25. g4 Bf6 26. Rhh3 fxg4 27. Rhg3 Kh7 28. Nb4 Qf8 29. Nxd5 Bd8 30. Rxg4 Rg8 31. Rxg8 Qxg8+ 32. Rg3 Qf8 33. Ne3 a5 34. Ng4 Ra7 35. Rh3 Qg7 36. Kf2 Qg6 37. Qxh6+ Qxh6 38. Rxh6+ Kg7 39. Rh5 f5 40. Ne5 Bf6 41. Rh3 Bxe5 42. dxe5 b5 43. Rd3 Rc7 44. Ke3 b4 45. cxb4 axb4 46. Rd4 Ra7 47. Rxb4 Rxa2 48. Kd4 Ra5 49. Rb7+ Kf8 50. b4 Ra2 51. Rh7 Rf2 52. Rh4 Ke7 53. Kc5 Kd7 54. Kb6 Rb2 55. b5 Rb4 56. Kc5 Re4 57. b6 Re2 58. Rh7+ Kc8 59. Kd6 1-0

[Event "Hasselbacken op"]
[Site "Stockholm"]
[Date "2019.11.01"]
[Round "3"]
[White "Johannesson, Oliver Aron"]
[Black "Papunidi, Matvey"]
[Result "0-1"]
[WhiteElo "2263"]
[BlackElo "2052"]
[PlyCount "102"]
[EventDate "2019.11.01"]
[EventType "swiss"]
[EventRounds "8"]
[EventCountry "SWE"]
[SourceTitle "CBM 192 Extra"]
[Source "Chessbase"]
[SourceDate "2019.11.06"]
[SourceVersion "1"]
[SourceVersionDate "2019.11.06"]
[SourceQuality "1"]

1. d4 d5 2. c4 c6 3. Nc3 dxc4 4. e3 b5 5. a4 b4 6. Na2 e6 7. Bxc4 Nf6 8. Nf3 Bb7 9. 0-0 Be7 10. Qe2 0-0 11. Rd1 Nbd7 12. Bd2 a5 13. Nc1 Nb6 14. Bd3 c5 15. dxc5 Bxc5 16. Nb3 Bd6 17. e4 e5 18. Be3 Bc6 19. Bb5 Bxe4 20. Bc5 Bd5 21. Bxd6 Qxd6 22. Nxe5 Qe7 23. Nd4 Rac8 24. Nf5 Qe6 25. Nd4 Qe7 26. Nf5 Qc7 27. Re1 Be4 28. Ng3 Qxe5 29. Nxe4 Nxe4 30. Qxe4 Qxb2 31. Bd3 g6 32. Qe3 Nd5 33. Qa7 Qc3 34. Be4 Qc5 35. Qd7 Nc3 36. Bf3 b3 37. Qd2 Rb8 38. Qb2 Qb4 39. Bc6 Rbc8 40. Bd7 Rc7 41. Re3 Nd5 42. Rxb3 Qc5 43. Bb5 Rfc8 44. h3 Nb4 45. Re1 Qb6 46. Rbe3 Rf8 47. Re8 Rc8 48. R8e7 Rc2 49. Qxc2 Nxc2 50. R1e2 Nd4 51. Rb2 Qc5 0-1

[Event "Stockholm 4 Knights Autumn"]
[Site "Stockholm"]
[Date "2019.10.24"]
[Round "9"]
[White "Poley, Vladimir"]
[Black "Papunidi, Matvey"]
[Result "1/2-1/2"]
[WhiteElo "2298"]
[BlackElo "2083"]
[PlyCount "85"]
[EventDate "2019.10.19"]
[EventType "tourn"]
[EventRounds "9"]
[EventCountry "SWE"]
[EventCategory "1"]
[SourceTitle "CBM 192 Extra"]
[Source "Chessbase"]
[SourceDate "2019.11.06"]
[SourceVersion "1"]
[SourceVersionDate "2019.11.06"]
[SourceQuality "1"]

1. Nf3 Nf6 2. c4 c5 3. g3 b6 4. Bg2 Bb7 5. 0-0 e6 6. Nc3 Be7 7. d4 cxd4 8. Qxd4 d6 9. e4 0-0 10. Qe3 a6 11. Nd4 Qc7 12. b3 Nc6 13. Bb2 h6 14. Nc2 Ne5 15. Qe2 Rac8 16. Rad1 Rfe8 17. Rd2 Ned7 18. Rfd1 Qb8 19. h3 Qa8 20. Kh2 Nc5 21. f3 Rc7 22. Qf2 Qb8 23. Bf1 Rd8 24. Qe3 a5 25. Nd4 Rcd7 26. a3 Nh5 27. b4 axb4 28. axb4 d5 29. e5 Ne4 30. fxe4 Bg5 31. Qf3 dxe4 32. Qxh5 Bxd2 33. Rxd2 e3 34. Rc2 Rxd4 35. Bc1 Qc7 36. b5 Rxc4 37. Bxc4 Qxc4 38. Qe2 Qb3 39. Bxe3 Bf3 40. Qf2 Rd3 41. Bxb6 Rxc3 42. Rxc3 Qxc3 43. Bd4 1/2-1/2

[Event "Stockholm 4 Knights Autumn"]
[Site "Stockholm"]
[Date "2019.10.22"]
[Round "4"]
[White "Papunidi, Matvey"]
[Black "Peng, Li Min"]
[Result "0-1"]
[WhiteElo "2083"]
[BlackElo "2454"]
[PlyCount "56"]
[EventDate "2019.10.19"]
[EventType "tourn"]
[EventRounds "9"]
[EventCountry "SWE"]
[EventCategory "1"]
[SourceTitle "CBM 192 Extra"]
[Source "Chessbase"]
[SourceDate "2019.11.06"]
[SourceVersion "1"]
[SourceVersionDate "2019.11.06"]
[SourceQuality "1"]

1. c4 g6 2. Nc3 Bg7 3. g3 f5 4. Bg2 Nf6 5. Nf3 0-0 6. 0-0 d6 7. d4 Qe8 8. d5 a5 9. Be3 Na6 10. Qd2 c6 11. Bh6 Bxh6 12. Qxh6 e5 13. dxe6 Bxe6 14. b3 Nc5 15. Rad1 Rd8 16. Rd4 Qe7 17. Rfd1 Nce4 18. Nxe4 fxe4 19. Ng5 Bf5 20. Qh4 c5 21. R4d2 Rd7 22. h3 e3 23. fxe3 Qxe3+ 24. Kh2 h6 25. Qxh6 Ne4 26. h4 Qxg3+ 27. Kh1 Nf2+ 28. Kg1 Ng4 0-1

[Event "Stockholm 4 Knights"]
[Site "Stockholm"]
[Date "2019.06.20"]
[Round "8"]
[White "Papunidi, Matvey"]
[Black "Pantzar, Milton"]
[Result "1/2-1/2"]
[WhiteElo "2092"]
[BlackElo "2379"]
[PlyCount "91"]
[EventDate "2019.06.15"]
[EventType "tourn"]
[EventRounds "9"]
[EventCountry "SWE"]
[SourceTitle "CBM 191 Extra"]
[Source "ChessBase"]
[SourceDate "2019.09.30"]
[SourceVersion "1"]
[SourceVersionDate "2019.09.30"]
[SourceQuality "1"]

1. e4 e5 2. Nf3 Nc6 3. Bb5 a6 4. Ba4 Nf6 5. d3 d6 6. a3 Be7 7. Nc3 0-0 8. 0-0 Bg4 9. Bxc6 bxc6 10. h3 Bh5 11. Re1 c5 12. Qe2 c6 13. Qe3 Ne8 14. Ne2 Rb8 15. Ng3 Bxf3 16. Qxf3 Bg5 17. Bxg5 Qxg5 18. Rab1 a5 19. b3 g6 20. Qg4 Qxg4 21. hxg4 Nc7 22. Nf1 Nb5 23. a4 Nc3 24. Ra1 f6 25. f3 d5 26. Kf2 c4 27. dxc4 d4 28. Ne3 d3 29. cxd3 Rxb3 30. Nd1 Rfb8 31. Ke3 Nxd1+ 32. Rexd1 c5 33. g3 R8b4 34. Rdc1 Rb2 35. f4 h6 36. Rf1 Rg2 37. Kf3 Rbb2 38. Rab1 Kg7 39. Rxb2 Rxb2 40. Ra1 Rb3 41. Ke3 g5 42. fxe5 fxe5 43. Rf1 Rb8 44. Rf5 Re8 45. Kd2 Kg6 46. Ke3 1/2-1/2

[Event "Stockholm 4 Knights"]
[Site "Stockholm"]
[Date "2019.06.19"]
[Round "7"]
[White "Tsyhanchuk, Stanislav"]
[Black "Papunidi, Matvey"]
[Result "1-0"]
[WhiteElo "2359"]
[BlackElo "2092"]
[PlyCount "75"]
[EventDate "2019.06.15"]
[EventType "tourn"]
[EventRounds "9"]
[EventCountry "SWE"]
[SourceTitle "CBM 191 Extra"]
[Source "ChessBase"]
[SourceDate "2019.09.30"]
[SourceVersion "1"]
[SourceVersionDate "2019.09.30"]
[SourceQuality "1"]

1. e4 c5 2. Nf3 Nc6 3. Bb5 g6 4. 0-0 Bg7 5. Re1 Qb6 6. Na3 Nf6 7. c3 0-0 8. h3 d5 9. e5 Ne8 10. Bf1 Nc7 11. d4 cxd4 12. cxd4 Ne6 13. Nc2 Bd7 14. b3 a5 15. Ba3 Bh6 16. Ne3 Bxe3 17. fxe3 Nb4 18. Bd3 Rfc8 19. Qd2 Ng7 20. Rec1 Nxd3 21. Qxd3 Bb5 22. Qd2 Qd8 23. Qf2 a4 24. Rxc8 Rxc8 25. Ng5 f6 26. bxa4 Bxa4 27. Bxe7 Qxe7 28. exf6 Qd8 29. f7+ Kh8 30. Rf1 Qf8 31. Qf6 Bd7 32. Rf4 Rc1+ 33. Kh2 Bf5 34. Rxf5 gxf5 35. Qh6 Qb8+ 36. g3 Rc2+ 37. Kh1 Rc1+ 38. Kg2 1-0

[Event "Stockholm 4 Knights"]
[Site "Stockholm"]
[Date "2019.06.16"]
[Round "2"]
[White "Odnorozhenko, Evgenyi"]
[Black "Papunidi, Matvey"]
[Result "1/2-1/2"]
[WhiteElo "2247"]
[BlackElo "2092"]
[PlyCount "80"]
[EventDate "2019.06.15"]
[EventType "tourn"]
[EventRounds "9"]
[EventCountry "SWE"]
[SourceTitle "CBM 191 Extra"]
[Source "ChessBase"]
[SourceDate "2019.09.30"]
[SourceVersion "1"]
[SourceVersionDate "2019.09.30"]
[SourceQuality "1"]

1. e4 c5 2. Nf3 Nc6 3. Bb5 d6 4. 0-0 Bd7 5. Re1 a6 6. Bxc6 Bxc6 7. d4 cxd4 8. Nxd4 g6 9. b3 Bg7 10. Bb2 Nf6 11. Nd2 0-0 12. e5 Nd5 13. exd6 Qxd6 14. Nc4 Qc7 15. Nxc6 Qxc6 16. Bxg7 Kxg7 17. Ne5 Qd6 18. Nc4 Qc5 19. Qf3 Rad8 20. Ne3 Nxe3 21. Qxe3 Qxe3 22. Rxe3 e6 23. Kf1 Rd2 24. Re2 Rfd8 25. Rxd2 Rxd2 26. Rc1 Kf6 27. Ke1 Rd5 28. c4 Re5+ 29. Kf1 Ke7 30. Rd1 h6 31. Rd3 Rh5 32. h3 Re5 33. Rd4 g5 34. h4 f6 35. b4 b6 36. a3 a5 37. g3 f5 38. hxg5 hxg5 39. Rd3 Re4 40. Rc3 g4 1/2-1/2

[Event "BLR-ch U20"]
[Site "Kobrin"]
[Date "2019.05.18"]
[Round "8"]
[White "Papunidi, Matvey"]
[Black "Strybuk, Artsiom I"]
[Result "0-1"]
[WhiteElo "2148"]
[BlackElo "2294"]
[PlyCount "72"]
[EventDate "2019.05.11"]
[EventType "tourn"]
[EventRounds "9"]
[EventCountry "BLR"]
[SourceTitle "CBM 190 Extra"]
[Source "ChessBase"]
[SourceDate "2019.07.15"]
[SourceVersion "1"]
[SourceVersionDate "2019.07.15"]
[SourceQuality "1"]

1. f4 d5 2. Nf3 Bg4 3. e3 Nc6 4. Be2 e6 5. 0-0 Bd6 6. b3 Nge7 7. Bb2 f6 8. Nc3 Qd7 9. Nb5 0-0-0 10. a4 Kb8 11. Nfd4 Bxe2 12. Qxe2 Bc5 13. Qg4 Bxd4 14. Nxd4 Nf5 15. Nxf5 exf5 16. Qf3 d4 17. d3 Rhe8 18. exd4 Nxd4 19. Bxd4 Qxd4+ 20. Qf2 Qc3 21. Rae1 a5 22. Re2 Rxe2 23. Qxe2 b6 24. Re1 Rd6 25. Qf2 Rc6 26. g3 Qxc2 27. Qxc2 Rxc2 28. Re7 g5 29. fxg5 fxg5 30. Rxh7 Rc3 31. Rh5 g4 32. Rxf5 Rxb3 33. Rf4 Rb4 34. Kf2 Kb7 35. Ke3 c5 36. Rc4 Kc6 0-1

[Event "BLR-ch U20"]
[Site "Kobrin"]
[Date "2019.05.12"]
[Round "2"]
[White "Navumenka, Mikhei"]
[Black "Papunidi, Matvey"]
[Result "1/2-1/2"]
[WhiteElo "2165"]
[BlackElo "2148"]
[PlyCount "86"]
[EventDate "2019.05.11"]
[EventType "tourn"]
[EventRounds "9"]
[EventCountry "BLR"]
[SourceTitle "CBM 190 Extra"]
[Source "ChessBase"]
[SourceDate "2019.07.15"]
[SourceVersion "1"]
[SourceVersionDate "2019.07.15"]
[SourceQuality "1"]

1. d4 Nf6 2. c4 e6 3. Nc3 Bb4 4. Qc2 b6 5. Nf3 Bb7 6. Bg5 h6 7. Bh4 0-0 8. e3 d5 9. cxd5 Bxd5 10. Be2 Nbd7 11. 0-0 Bb7 12. Rfd1 Qc8 13. Rac1 c5 14. Nb5 Be4 15. Bd3 Qc6 16. Bxf6 Nxf6 17. Ne5 Qxb5 18. Bxb5 Bxc2 19. Rxc2 cxd4 20. Nc6 Bd6 21. Rxd4 Bc5 22. Ra4 a5 23. e4 Ne8 24. b4 Nc7 25. bxc5 Nxb5 26. cxb6 Ra6 27. b7 Rb6 28. b8Q Rfxb8 29. Nxb8 Nc3 30. g3 Nxa4 31. Nd7 Rb1+ 32. Kg2 Nb6 33. Ne5 f6 34. Nc6 a4 35. Nd4 Rb4 36. Nxe6 Rxe4 37. Nf4 Kf7 38. Rc6 g5 39. Kf3 Rc4 40. Rxc4 Nxc4 41. Ne2 Nd2+ 42. Ke3 Nf1+ 43. Kf3 Nd2+ 1/2-1/2

[Event "Orsha op"]
[Site "Orsha"]
[Date "2019.01.24"]
[Round "9"]
[White "Kirilin, Dmitrij"]
[Black "Papunidi, Matvey"]
[Result "1-0"]
[WhiteElo "2074"]
[BlackElo "2113"]
[PlyCount "81"]
[EventDate "2019.01.18"]
[EventType "swiss"]
[EventRounds "9"]
[EventCountry "BLR"]
[SourceTitle "CBM 188 Extra"]
[Source "ChessBase"]
[SourceDate "2019.02.26"]
[SourceVersion "1"]
[SourceVersionDate "2019.02.26"]
[SourceQuality "1"]

1. d4 d5 2. Nf3 Nf6 3. c4 e6 4. Nc3 Be7 5. Bg5 0-0 6. e3 Nbd7 7. Rc1 h6 8. Bh4 a6 9. cxd5 exd5 10. Bd3 c6 11. 0-0 Ne4 12. Bxe7 Qxe7 13. Na4 Re8 14. Nd2 Qb4 15. Bxe4 dxe4 16. a3 Qe7 17. Qh5 Nf6 18. Qc5 Qd8 19. Nb6 Rb8 20. Ndc4 Be6 21. Rfd1 Nd5 22. Nxd5 Bxd5 23. Nb6 Bb3 24. Rd2 Qe7 25. Qxe7 Rxe7 26. Rc3 Bd5 27. Nxd5 cxd5 28. Rc5 Rd8 29. Rdc2 f6 30. R2c3 Kf7 31. a4 Ke6 32. h4 Red7 33. Rb3 Re7 34. Kh2 Red7 35. Kg3 Kf7 36. Kf4 Rd6 37. a5 R8d7 38. g4 f5 39. gxf5 Kf6 40. Rc8 Rf7 41. Rb8 1-0

[Event "Orsha op"]
[Site "Orsha"]
[Date "2019.01.23"]
[Round "8"]
[White "Papunidi, Matvey"]
[Black "Siniauski, Artsiom"]
[Result "1/2-1/2"]
[WhiteElo "2113"]
[BlackElo "2182"]
[PlyCount "64"]
[EventDate "2019.01.18"]
[EventType "swiss"]
[EventRounds "9"]
[EventCountry "BLR"]
[SourceTitle "CBM 188 Extra"]
[Source "ChessBase"]
[SourceDate "2019.02.26"]
[SourceVersion "1"]
[SourceVersionDate "2019.02.26"]
[SourceQuality "1"]

1. d4 Nf6 2. Nf3 e6 3. c4 b6 4. e3 Bb7 5. Nc3 Bb4 6. Bd2 0-0 7. Ne4 Bxd2+ 8. Nexd2 c5 9. dxc5 bxc5 10. Be2 Qb6 11. 0-0 Nc6 12. Qc2 Rab8 13. b3 Rfd8 14. Rfd1 a5 15. h3 d6 16. g4 Nb4 17. Qc3 d5 18. a3 Na6 19. cxd5 exd5 20. g5 d4 21. Nc4 Nd5 22. Qxa5 Qe6 23. Rac1 Re8 24. Nce5 Nc3 25. Rxc3 Bxf3 26. Nxf3 dxc3 27. Qxa6 Qxh3 28. Qc4 h6 29. g6 Re6 30. gxf7+ Kh8 31. Nh4 c2 32. Rc1 Rf6 1/2-1/2

[Event "Orsha op"]
[Site "Orsha"]
[Date "2019.01.20"]
[Round "5"]
[White "Lazavik, Denis"]
[Black "Papunidi, Matvey"]
[Result "1/2-1/2"]
[WhiteElo "2296"]
[BlackElo "2113"]
[PlyCount "38"]
[EventDate "2019.01.18"]
[EventType "swiss"]
[EventRounds "9"]
[EventCountry "BLR"]
[SourceTitle "CBM 188 Extra"]
[Source "ChessBase"]
[SourceDate "2019.02.26"]
[SourceVersion "1"]
[SourceVersionDate "2019.02.26"]
[SourceQuality "1"]

1. d4 Nf6 2. c4 e6 3. Nf3 Bb4+ 4. Bd2 c5 5. Bxb4 cxb4 6. g3 0-0 7. Bg2 d6 8. 0-0 Nc6 9. Qd3 e5 10. Nbd2 Qe7 11. d5 Nb8 12. e4 Na6 13. a3 Nd7 14. Nb3 b6 15. Qd2 Ndc5 16. Nxc5 bxc5 17. Ne1 Rb8 18. Nc2 bxa3 19. bxa3 Qc7 1/2-1/2

[Event "EU-chT U18"]
[Site "Bad Blankenburg"]
[Date "2018.07.13"]
[Round "2.4"]
[White "Papunidi, Matvey"]
[Black "Sahidi, Samir"]
[Result "0-1"]
[WhiteElo "1913"]
[BlackElo "2300"]
[PlyCount "66"]
[EventDate "2018.07.12"]
[EventType "team-swiss"]
[EventRounds "7"]
[EventCountry "GER"]
[SourceTitle "EXT 2019"]
[Source "ChessBase"]
[SourceDate "2018.10.10"]
[SourceVersion "1"]
[SourceVersionDate "2018.10.10"]
[SourceQuality "1"]
[WhiteTeam "Belarus U18"]
[BlackTeam "Slovakia U18"]
[WhiteTeamCountry "BLR"]
[BlackTeamCountry "SVK"]

1. e4 c5 2. Nf3 e6 3. d4 cxd4 4. Nxd4 Nc6 5. Nc3 Qc7 6. Be3 a6 7. Qd2 Nf6 8. f3 b5 9. 0-0-0 Be7 10. Kb1 Bb7 11. Nb3 Ne5 12. Qf2 d5 13. Bb6 Qc8 14. exd5 Bxd5 15. Bd4 Bxb3 16. Bxe5 Bc4 17. Qg3 0-0 18. Ne4 Ne8 19. Bxc4 bxc4 20. Rd2 f6 21. Bc3 Nc7 22. Nd6 Bxd6 23. Qxd6 Nd5 24. Ba5 Rb8 25. Re2 Rb5 26. Be1 Rd8 27. Qg3 c3 28. b3 Nf4 29. Qxf4 Rd1+ 30. Qc1 Rxc1+ 31. Kxc1 Qc5 32. Rxe6 Qg5+ 33. Kb1 Qxg2 0-1

[Event "EU-chT U18"]
[Site "Bad Blankenburg"]
[Date "2018.07.12"]
[Round "1.4"]
[White "Iliaguev, Nisim"]
[Black "Papunidi, Matvey"]
[Result "1-0"]
[WhiteElo "2335"]
[BlackElo "1913"]
[PlyCount "88"]
[EventDate "2018.07.12"]
[EventType "team-swiss"]
[EventRounds "7"]
[EventCountry "GER"]
[SourceTitle "CBM 185 Extra"]
[Source "ChessBase"]
[SourceDate "2018.07.29"]
[SourceVersion "1"]
[SourceVersionDate "2018.07.29"]
[SourceQuality "1"]
[WhiteTeam "Israel U18"]
[BlackTeam "Belarus U18"]
[WhiteTeamCountry "ISR"]
[BlackTeamCountry "BLR"]

1. d4 d5 2. Bf4 Nf6 3. e3 c5 4. c3 Nc6 5. Nf3 Qb6 6. Qb3 c4 7. Qc2 Bf5 8. Qc1 e6 9. Be2 Be7 10. 0-0 h6 11. h3 0-0 12. Nbd2 Qd8 13. Bg3 b5 14. b3 cxb3 15. axb3 Qb6 16. c4 Rfc8 17. c5 Qb7 18. Qb2 a6 19. b4 Ne4 20. Nxe4 Bxe4 21. Ne5 Bf6 22. Nxc6 Qxc6 23. Ra3 Bd8 24. Rfa1 Ra7 25. Qc1 Rca8 26. Qf1 Rb7 27. R3a2 Kf8 28. Bd1 Rba7 29. Be2 Rb7 30. Qe1 Rba7 31. Qd2 Kg8 32. Bd1 Bf6 33. Ra5 Bd8 34. R5a3 Kf8 35. Bb3 Bg6 36. f3 Bg5 37. Re1 Kg8 38. Kh2 h5 39. Qa2 Rd8 40. Be5 h4 41. Kh1 Bd3 42. Bxd5 Rxd5 43. Rxd3 Rad7 44. Ra3 Qc8 1-0

[Event "Minsk rapid op2"]
[Site "Minsk"]
[Date "2018.06.27"]
[Round "8"]
[White "Papunidi, Matvey"]
[Black "Galperin, Platon"]
[Result "0-1"]
[WhiteElo "1687"]
[BlackElo "2347"]
[PlyCount "98"]
[EventDate "2018.06.27"]
[EventType "swiss (rapid)"]
[EventRounds "9"]
[EventCountry "BLR"]
[SourceTitle "EXT 2021"]
[Source "ChessBase"]
[SourceDate "2020.10.23"]
[SourceVersion "1"]
[SourceVersionDate "2020.10.23"]
[SourceQuality "1"]

1. e4 Nf6 2. e5 Ng8 3. d4 d6 4. exd6 cxd6 5. Nf3 g6 6. Bd3 Bg7 7. 0-0 Nf6 8. c3 0-0 9. h3 Nc6 10. Bg5 h6 11. Be3 e5 12. dxe5 dxe5 13. Bc2 Qe7 14. Qe2 e4 15. Nd4 Ne5 16. Nd2 Ned7 17. Rfe1 Re8 18. Rad1 a6 19. N2b3 Ne5 20. Nd2 Ned7 21. N2b3 Nf8 22. Qd2 Kh7 23. Ne2 Be6 24. Qd6 Qxd6 25. Rxd6 Nd5 26. Nf4 Nxe3 27. fxe3 f5 28. Nd4 Bf7 29. Rd1 Be5 30. Rb6 Re7 31. Nde2 Kg7 32. Bb3 g5 33. Nd5 Rd7 34. Nc1 Rad8 35. c4 f4 36. exf4 gxf4 37. Ne2 Ng6 38. Nd4 Nh4 39. Kf2 e3+ 40. Kf1 Re8 41. Ne2 f3 42. gxf3 Nxf3 43. Kg2 Nh4+ 44. Kh1 Bh5 45. Rg1+ Kf8 46. Nec3 Bf3+ 47. Rg2 Bxg2+ 48. Kg1 Rf7 49. Rxh6 Rf1# 0-1

[Event "Minsk Kupreichik Memorial op"]
[Site "Minsk"]
[Date "2018.06.23"]
[Round "11"]
[White "Papunidi, Matvey"]
[Black "Sarbay, Alexander"]
[Result "1-0"]
[WhiteElo "1913"]
[BlackElo "2183"]
[PlyCount "180"]
[EventDate "2018.06.21"]
[EventType "swiss (rapid)"]
[EventRounds "11"]
[EventCountry "BLR"]
[SourceTitle "CBM 185 Extra"]
[Source "ChessBase"]
[SourceDate "2018.07.29"]
[SourceVersion "1"]
[SourceVersionDate "2018.07.29"]
[SourceQuality "1"]

1. e4 c5 2. Nf3 Nc6 3. d4 cxd4 4. Nxd4 g6 5. Be3 Nf6 6. Nc3 Bg7 7. Nxc6 bxc6 8. e5 Ng8 9. Bd4 Qc7 10. e6 Nf6 11. exd7+ Bxd7 12. Bc4 0-0 13. Qe2 c5 14. Be5 Qb7 15. 0-0 Bc6 16. f3 Rad8 17. Rad1 Rxd1 18. Rxd1 Qxb2 19. Nb5 Qb4 20. Nxa7 Bb7 21. Nb5 Qa5 22. Bc3 Qa8 23. Qxe7 Bxf3 24. gxf3 Qxf3 25. Qe2 Qf4 26. Rf1 Qg5+ 27. Qg2 Qh4 28. Be2 Re8 29. Bf3 Qc4 30. Bc6 Re2 31. Qf3 Qg4+ 32. Qxg4 Nxg4 33. Bxg7 Kxg7 34. Bf3 Rxc2 35. Bxg4 Rxa2 36. Rc1 h5 37. Bf3 Ra5 38. Rxc5 Ra1+ 39. Kg2 Ra2+ 40. Kg3 h4+ 41. Kxh4 Rxh2+ 42. Kg3 Rd2 43. Rc7 Kf6 44. Nc3 Rd3 45. Ne4+ Kg7 46. Ng5 Kf6 47. Nxf7 Re3 48. Nh6 Ra3 49. Ng4+ Ke6 50. Rg7 Kf5 51. Re7 g5 52. Re5+ Kg6 53. Re6+ Kf7 54. Rb6 Rc3 55. Ne5+ Ke7 56. Rg6 Rc5 57. Ng4 Ra5 58. Ne3 Kf7 59. Rb6 Ra3 60. Nf5 Ra4 61. Nd6+ Ke7 62. Ne4 Ra5 63. Kg4 Kd7 64. Nxg5 Kc7 65. Rc6+ Kd7 66. Rh6 Ra4+ 67. Be4 Rb4 68. Kf4 Ra4 69. Ke5 Ra5+ 70. Bd5 Kc7 71. Ne4 Ra1 72. Rc6+ Kd7 73. Nf6+ Ke7 74. Rc7+ Kd8 75. Kd6 Ra6+ 76. Rc6 Rxc6+ 77. Bxc6 Kc8 78. Nd7 Kd8 79. Nc5 Kc8 80. Bd7+ Kb8 81. Kc6 Ka7 82. Bc8 Kb8 83. Bb7 Ka7 84. Nd3 Kb8 85. Ne5 Ka7 86. Bc8 Kb8 87. Ba6 Ka7 88. Kb5 Ka8 89. Kb6 Kb8 90. Nc6+ Ka8 1-0

[Event "Minsk Kupreichik Memorial op"]
[Site "Minsk"]
[Date "2018.06.22"]
[Round "5"]
[White "Papunidi, Matvey"]
[Black "Bernotas, Arturs"]
[Result "0-1"]
[WhiteElo "1913"]
[BlackElo "2407"]
[PlyCount "93"]
[EventDate "2018.06.21"]
[EventType "swiss (rapid)"]
[EventRounds "11"]
[EventCountry "BLR"]
[SourceTitle "CBM 185 Extra"]
[Source "ChessBase"]
[SourceDate "2018.07.29"]
[SourceVersion "1"]
[SourceVersionDate "2018.07.29"]
[SourceQuality "1"]

1. e4 d5 2. exd5 Nf6 3. Nc3 Nxd5 4. Bc4 Nxc3 5. Qf3 e6 6. Qxc3 Nc6 7. Nf3 Qf6 8. Qxf6 gxf6 9. 0-0 b6 10. d4 Bb7 11. d5 Na5 12. Bb5+ c6 13. dxc6 Bxc6 14. Bxc6+ Nxc6 15. Be3 Rc8 16. c3 Na5 17. Nd2 Be7 18. Rac1 0-0 19. Rfd1 Rfd8 20. Kf1 f5 21. Ke2 f6 22. f3 Kf7 23. a3 Rg8 24. Kf1 Rc7 25. b4 Nc6 26. c4 Rgc8 27. Nb3 e5 28. c5 b5 29. Ke2 Ke6 30. Rd2 a5 31. bxa5 Ra8 32. Rb2 Nxa5 33. Nxa5 Rxa5 34. Rcb1 Bxc5 35. Rxb5 Rxb5 36. Rxb5 Bxe3 37. Kxe3 Rc2 38. Rb7 Rxg2 39. Rxh7 f4+ 40. Kd3 Rf2 41. a4 Rxf3+ 42. Kc4 Ra3 43. Kb4 Ra1 44. Rc7 f3 45. Rc2 e4 46. Rf2 Kf5 47. a5 0-1